| 000 | 01191cam a22003497a 4500 | ||
|---|---|---|---|
| 003 | CHAP | ||
| 005 | 20220329141036.0 | ||
| 008 | 971013s1987 r 00010 d | ||
| 010 | _a61737 | ||
| 011 | _a62709 | ||
| 035 | _a66884 | ||
| 040 | _cCHAP | ||
| 090 | _aTesis | ||
| 100 | 0 | 0 |
_aVázquez Merino, Germán. _9120433 |
| 245 | 1 | 3 | _aLa gomosis en el limonero mexicano |
| 260 |
_aCd. Juárez, Chih. : _bEl autor, _c1987 |
||
| 300 | _a33 h. | ||
| 502 | _aTesis (Ing. Agr. Esp. en Fitotecnia) -- Escuela Superior de Agricultura "Hermanos Escobar". Departamento de Fitotecnia | ||
| 590 |
_aALEPH _b10 _c20130110 _lUCH01 _h1344 |
||
| 590 |
_aBATCH-UPD _b10 _c20130110 _lUCH01 _h1505 |
||
| 590 |
_aBATCH-UPD _b10 _c20130410 _lUCH01 _h0925 |
||
| 590 |
_aBATCH-UPD _b10 _c20130914 _lUCH01 _h1546 |
||
| 590 |
_aCONVERSION _b10 _c20130109 _lUCH01 _h1333 |
||
| 650 | 1 | 4 |
_aGomosis de los cítricos. _948621 |
| 650 | 1 | 4 |
_aLimón _xEnfermedades. _966825 |
| 650 | 1 | 4 |
_aPhytophthora citrophthora. _987922 |
| 650 | 1 | 4 |
_aPhytophthora parasitica. _987928 |
| 901 | _aBK | ||
| 942 | _cFOLL | ||
| 949 |
_bBC _cTES _d-152126 _eTS1 _h30749 _i66884 _si |
||
| 949 |
_bBC _cTES _d33724000604369 _eTS2 _fc.2 _h30750 _i66884 _si |
||
| 999 |
_c61737 _d61737 |
||